000 00624cam a2200229 4500
001 J3710
008 090401t1996 xxu||||| |||| 00| 0 eng d
035 _a(Sirsi) u56613
041 _aeng
050 _a692.5
110 _aFranklin and Andrews
_92518
245 4 _aThe little black book : a guide to construction costs.
260 _aLondon
_bFranklin & Andrews
_c1996
300 _a(130)p. ; 15cm.
350 _a0
650 _aBUILT ENVIRONMENT-BUILDING COSTS
650 _aCONSTRUCTION COSTS
650 _aLITTLE BLACK BOOK
690 _aBUILT ENVIRONMENT-BUILDING COSTS
942 _n0
948 _c04/03/1997
999 _c93814
_d93814